Sanskritik Rashtrwad Chaar Adhyaye (Record no. 1678898)

MARC details
000 -LEADER
fixed length control field 00306 a2200121 4500
000 - LEADER
fixed length control field nam a22 7a 4500
005 - DATE AND TIME OF LATEST TRANSACTION
control field 20260207133722.0
020 ## - INTERNATIONAL STANDARD BOOK NUMBER
International Standard Book Number 9789395472739
100 ## - MAIN ENTRY--PERSONAL NAME
Personal name Satish Chandra Mittal
9 (RLIN) 1114354
245 ## - TITLE STATEMENT
Title Sanskritik Rashtrwad Chaar Adhyaye
260 ## - PUBLICATION, DISTRIBUTION, ETC.
Name of publisher, distributor, etc. Kitabwale
Date of publication, distribution, etc. 2024
942 ## - ADDED ENTRY ELEMENTS (KOHA)
Koha item type Textual
Holdings
Withdrawn status Lost status Source of classification or shelving scheme Damaged status Not for loan Home library Current library Date acquired Source of acquisition Cost, normal purchase price Inventory number Total Checkouts Barcode Date last seen Cost, replacement price Price effective from Koha item type
    Colon Classification (CC)   Ordered South Campus Library South Campus Library 2026-02-07 25 2240.00 68 & 17/12/2025   SC1691604 2026-02-07 2800.00 2026-02-07 Textual
Copyright @ Delhi University Library System